| 000 | 00677nam a2200205Ia 4500 | ||
|---|---|---|---|
| 001 | 19862 | ||
| 003 | GE_BSU | ||
| 008 | 181216s||||||||xx |||||||||||||| ||und|| | ||
| 040 | _cGE_BSU | ||
| 245 | _aAmerican Political Science Association PS:Political Science &Politics:October 2016. Volume 49,Number №4 . | ||
| 245 | _cEditor:James E.Campbell. | ||
| 260 | _aCambridge | ||
| 260 | _bCambridge University Press, | ||
| 260 | _c2016 | ||
| 300 | _a967p;28cm. | ||
| 653 | _aAmerican Political Science Association PS:Political Science &Politics:October 2016. Volume 49,Number №4 | ||
| 653 | _aნაჩუქარი | ||
| 653 | _aპერიოდიკა | ||
| 942 | _cCR | ||
| 999 |
_c52832 _d52832 |
||